LEADER 01346nam a2200301 u 4500 001 000000114676 003 CaOOAMICUS 005 20090224155010.0 008 090224s2008 it u000 u ita r 020 $z978-88-308-0949-9* 040 $aPUL$bita$dLDB 041 1 $aita$heng 100 1 $aMurphy-O'Connor, Jérôme,$cO.P.,$d1935-$0(OLS)http://pul/name/18343 240 10$a1 Corinthians.$lItaliano.$0(OLS)http://pul/title/144117 245 10$aPrima lettera ai Corinzi :$buna comunità impara ad amare /$cJerome Murphy-O'Connor ; a cura di Luca Pedroli. 260 $aAssisi :$bCittadella,$cc2008. 300 $a342 p. ;$c20 cm 490 1 $aOrizzonti biblici 504 $aBibliografica p. [335] 630 04$aBiblia.$pN.T.$pAd Corinthios I$xCommenti.$0(OLS)http://pul/subject/11201 700 1 $aPedroli, Luca,$csacerdote,$d1970-$0(OLS)http://pul/name/68757 830 0$aOrizzonti biblici.$0(OLS)http://pul/title/42434 850 $aPUL 852 $aPUL$W1$xSL Religione 3$y85$m227 MURJE 1$j131155$qDDC 21$B130114$CPULBib$Z2$F130114 $H108876 $82 941 1 $a9 996 $6020$z978-88-308-0949-9*$9(OLS)http://pul/number/139806 996 $6245$aPrima lettera ai Corinzi :$buna comunità impara ad amare$9(OLS)http://pul/title/144118 996 $6260$aAssisi :$bCittadella$9(OLS)http://pul/publisher/49668 LEADER 01225nam a2200253 a 4500 001 000000104805 003 CaOOAMICUS 005 20070504092754.0 008 070504s2002 enk m 000 0 eng d 020 $a0-7546-0648-1 040 $aPUL$bita$dLDB 100 1 $aKolnai, Aurel.$0(OLS)http://pul/name/53226 245 10$aEarly ethical writings of Aurel Kolnai :$btranslated and introduced by Francis Dunlop /$cedited by Francis Dunlop. 260 $aBurlington :$bAshgate Publishing Company,$c2002. 300 $axxx,199 p. ;$c24 cm 490 1 $aAshgate translations in philosophy, theology and religion 700 1 $aDunlop, Francis.$0(OLS)http://pul/name/64393 830 0$aAshgate translations in philosophy, theology and religion.$0(OLS)http://pul/title/131827 850 $aPUL 852 $aPUL$W1$xSL Filosofia 3$y81$m170 KOLAU 1$j117381$qDDC 21$B117328$CPULBib$Z2$F117328 $H100557 $82 941 1 $a9 996 $6020$a0-7546-0648-1$9(OLS)http://pul/number/134168 996 $6245$aEarly ethical writings of Aurel Kolnai :$btranslated and introduced by Francis Dunlop$9(OLS)http://pul/title/131826 996 $6260$aBurlington :$bAshgate Publishing Company$9(OLS)http://pul/publisher/74935